000 01774nam a2200433 i 4500
001 58290
003 FINmELB
005 20241216233010.0
006 m o d |
007 cr cnu||||||||
008 210921s2021 mx b 001 0 spa d
020 _a9786078636549
_q(print)
035 _a(OCoLC)1285725487
040 _aFINmELB
_bspa
_erda
_cFINmELB
050 4 _aPQ7081.43
_bO775 2021
080 _a821.134.2(7/8)
082 0 4 _a860.998
_223
100 1 _aOrtiz-Díaz, Ernesto,
_eautor.
245 1 0 _aDe la idealización estética al paisaje crítico :
_bla representación de la naturaleza en la literatura latinoamericana /
_cErnesto Ortiz-Díaz.
264 1 _aMéxico :
_bBonilla Artigas Editores,
_c2021.
300 _a1 recurso en línea (209 páginas)
336 _atexto
_btxt
_2rdacontent/spa
337 _acomputadora
_bc
_2rdamedia/spa
338 _arecurso en línea
_bcr
_2rdacarrier/spa
490 1 _aColección Memoria, literatura y discurso; v8
500 _aÍndice.
504 _aBibliografía.
588 _aDescripción basada en metadatos suministrados por el editor y otras fuentes.
590 _aRecurso electrónico. Santa Fe, Arg.: elibro, 2021. Disponible vía World Wide Web. El acceso puede estar limitado para las bibliotecas afiliadas a elibro.
650 4 _aLatin American literature
_xHistory and criticism.
650 4 _aLiteratura latinoamericana
_xhistoria y crítica.
655 4 _aLibros electrónicos.
797 2 _aelibro, Corp.
830 0 _aColección Memoria, literatura y discurso; v8.
856 4 0 _uhttps://elibro.net/ereader/politecnicointernacional/184187
999 _c58290
_d58290